BSOP header

Culture and human values : (Record no. 35781)

MARC details
000 -LEADER
fixed length control field 00933cam a2200229 i 4500
005 - DATE AND TIME OF LATEST TRANSACTION
control field 20140520110318.0
008 - FIXED-LENGTH DATA ELEMENTS--GENERAL INFORMATION
fixed length control field 750414r19751961cau b 000 0 eng
010 ## - LIBRARY OF CONGRESS CONTROL NUMBER
LC control number 75012653
020 ## - INTERNATIONAL STANDARD BOOK NUMBER
International Standard Book Number 0878087222
100 1# - MAIN ENTRY--PERSONAL NAME
Personal name Loewen, Jacob A.
Fuller form of name (Jacob Abram),
Dates associated with a name 1922-
245 10 - TITLE STATEMENT
Title Culture and human values :
Remainder of title Christian intervention in anthropological perspective : selections from the writings of Jacob A. Loewen.
260 ## - PUBLICATION, DISTRIBUTION, ETC. (IMPRINT)
Place of publication, distribution, etc South Pasadena, Calif. :
Name of publisher, distributor, etc William Carey Library,
Date of publication, distribution, etc [1975]
300 ## - PHYSICAL DESCRIPTION
Extent xviii, 443 p. ;
Dimensions 23 cm.
490 0# - SERIES STATEMENT
Series statement The William Carey Library series on applied cultural anthropology
500 ## - GENERAL NOTE
General note Papers originally appeared in Practical anthropology, 1961-1970.
504 ## - BIBLIOGRAPHY, ETC. NOTE
Bibliography, etc Includes bibliographical references.
650 #0 - SUBJECT ADDED ENTRY--TOPICAL TERM
Topical term or geographic name as entry element Missions.
650 #0 - SUBJECT ADDED ENTRY--TOPICAL TERM
Topical term or geographic name as entry element Communication
General subdivision Religious aspects
-- Christianity.
650 #0 - SUBJECT ADDED ENTRY--TOPICAL TERM
Topical term or geographic name as entry element Indians of South America
General subdivision Missions.
730 ## - ADDED ENTRY--UNIFORM TITLE
Uniform title Practical anthropology.
942 ## - ADDED ENTRY ELEMENTS (KOHA)
Source of classification or shelving scheme Library of Congress Classification
Item type Books
Holdings
Withdrawn status Lost status Source of classification or shelving scheme Damaged status Not for loan Home library Current library Shelving location Date acquired Cost, normal purchase price Accession number Total Checkouts Full call number Barcode Date last seen Price effective from Koha item type Source of acquisition Copy number
    Library of Congress Classification     BSOP Library BSOP Library GC 01/30/2013 440.00 12515   BV 2070 L82c 00018519 02/23/2013 02/23/2013 Books    
    Library of Congress Classification     BSOP Library BSOP Library GC 01/30/2013   35493   BV 2070 L82 00042003 02/23/2013 02/23/2013 Books gift : Dr. Stewart Young c.2
BSOP

Biblical Seminary of the Philippines
  All rights Reserved
  © 2024

CONTACT INFORMATION

Biblical Seminary of the Philippines,
  77-B Karuhatan Road, Valenzuela City,
  PHILIPPINES 1441
  Phone: +632 8292-6795 / 8292-6798
  Fax : +632 8292-6675
  Email: library@bsop.edu.ph